Statistiken für Deutsche Großstädte EXTREME

Klicken Sie hier um das Quiz zu spielen!

Allgemein

  • Dieses Quiz wurde 4.128 mal gespielt
    (4.117 seit der letzten Aktualisierung)
  • Das Durchschnittsergebnis liegt bei 126 aus 200

Antwortstatistiken

HintAntwort% Korrekt
3.469.849Berlin
99%
717.624Frankfurt am Main
98%
57.649Frankfurt an der Oder
98%
1.762.791Hamburg
98%
1.429.584München
98%
1.046.680Köln
97%
604.527Düsseldorf
96%
612.441Stuttgart
96%
551.767Bremen
95%
580.511Dortmund
95%
536.308Dresden
95%
573.784Essen
95%
544.479Leipzig
95%
523.642Hannover
94%
243.148Kiel
94%
501.072Nürnberg
94%
243.336Aachen
91%
313.958Bonn
91%
176.926Saarbrücken
91%
485.465Duisburg
90%
206.219Erfurt
90%
232.306Magdeburg
90%
206.991Mainz
90%
299.844Mannheim
90%
164.042Potsdam
90%
204.167Rostock
90%
281.111Augsburg
89%
329.782Bielefeld
89%
222.203Freiburg im Briesgau
89%
108.207Jena
89%
55.689Neu-Ulm
89%
275.116Wiesbaden
89%
110.121Bremerhaven
88%
243.521Chemnitz
88%
300.051Karlsruhe
88%
120.714Ulm
88%
361.876Bochum
87%
214.420Lübeck
87%
257.651Gelsenkirchen
86%
131.002Ingolstadt
86%
302.178Münster
86%
108.472Trier
86%
232.470Halle (Saale)
85%
194.747Kassel
85%
256.853Mönchengladbach
85%
142.292Regensburg
85%
123.027Wolfsburg
85%
111.434Koblenz
84%
160.907Oldenburg
84%
156.897Osnabrück
84%
92.138Schwerin
84%
345.425Wuppertal
84%
124.219Würzburg
84%
248.502Braunschweig
83%
151.879Darmstadt
83%
84.694Flensburg
83%
121.519Fürth
82%
154.715Heidelberg
82%
145.176Paderborn
82%
161.540Leverkusen
81%
163.832Ludwigshafen am Rhein
81%
177.665Göttingen
79%
176.580Hamm
79%
209.292Oberhausen
79%
120.998Offenbach am Main
79%
99.491Cottbus
78%
106.423Erlangen
78%
94.492Gera
78%
97.382Kaiserslautern
78%
222.500Krefeld
77%
156.771Solingen
76%
186.716Hagen
75%
154.608Herne
74%
49.952Passau
74%
91.066Zwickau
74%
71.952Bamberg
73%
114.147Recklinghausen
73%
71.032Brandenburg an der Havel
72%
119.291Pforzheim
72%
100.325Siegen
72%
166.017Bottrop
71%
119.841Heilbronn
71%
81.692Konstanz
71%
152.644Neuss
71%
112.452Reutlingen
71%
71.601Bayreuth
70%
109.697Bergisch Gladbach
70%
65.540Fulda
70%
63.477Weimar
70%
83.280Gießen
69%
99.979Hildesheim
69%
167.108Mülheim an der Ruhr
69%
109.009Remscheid
69%
68.167Aschaffenburg
68%
53.342Baden-Baden
67%
60.889Rosenheim
67%
75.534Wilhelmshaven
67%
102.923Moers
66%
85.871Tübingen
65%
73.147Marburg
64%
50.016Emden
63%
72.546Lüneburg
63%
68.721Celle
62%
90.934Hanau
61%
91.116Ludwigsburg
61%
98.966Salzgitter
61%
58.350Friedrichshafen
60%
63.311Neubrandenburg
60%
51.610Schweinfurt
60%
83.061Dessau-Roßlau
59%
96.085Gütersloh
59%
80.212Minden
59%
67.079Aalen
58%
48.221Cuxhaven
58%
54.193Görlitz
58%
56.685Greifswald
58%
81.010Worms
58%
49.172Ravensburg
57%
65.624Kempten (Allgäu)
56%
57.687Offenburg
56%
57.525Stralsund
56%
58.724Unna
56%
81.916Villingen-Schwenningen
55%
95.907Witten
55%
77.588Neumünster
54%
90.378Esslingen am Neckar
53%
67.509Landshut (Bayern)
53%
49.855Speyer
53%
89.024Düren
51%
55.846Göppingen
51%
50.457Goslar
51%
52.564Neustadt an der Weinstraße
51%
64.077Plauen
51%
56.310Hameln
50%
73.586Detmold
49%
92.899Iserlohn
48%
61.967Rüsselsheim am Main
48%
47.385Böblingen
47%
74.804Delmenhorst
47%
73.518Castrop-Rauxel
46%
52.077Ahlen
45%
75.058Viersen
44%
49.734Gummersbach
43%
66.518Lippstadt
43%
72.923Lüdenscheid
43%
47.586Rastatt
43%
86.636Ratingen
43%
62.215Sindelfingen
43%
51.262Wetzlar
43%
65.538Herford
42%
48.601Lörrach
42%
59.166Schwäbisch Gmünd
42%
74.086Gladbeck
41%
48.553Peine
41%
73.944Rheine
41%
70.837Bocholt
40%
56.077Euskirchen
40%
52.503Lingen (Ems)
40%
84.783Lünen
40%
83.527Marl
40%
52.752Bad Homburg von der Höhe
39%
47.727Frankenthal (Pfalz)
39%
48.802Kleve
39%
76.030Norderstedt
39%
48.813Bad Kreuznach
38%
67.065Dinslaken
38%
62.773Dormagen
38%
63.769Neuwied
38%
60.088Wesel
38%
51.670Wolfenbüttel
38%
62.124Grevenbroich
37%
73.494Troisdorf
37%
73.436Arnsberg
36%
75.439Dorsten
36%
64.171Kerpen
36%
48.346Bad Oeynhausen
35%
54.894Hilden
35%
57.925Hürth
35%
80.572Velbert
35%
54.407Hattingen
34%
59.656Bergheim
33%
52.579Nordhorn
33%
53.407Waiblingen
33%
52.277Bad Salzuflen
32%
47.907Elmshorn
32%
51.510Frechen
32%
52.330Langenhagen
32%
59.957Garbsen
31%
52.979Menden
31%
48.218Bergkamen
30%
57.038Langenfeld
30%
55.171Eschweiler
29%
60.710Herten
29%
50.665Ibbenbüren
29%
54.599Meerbusch
29%
54.631Sankt Augustin
29%
49.179Erftstadt
28%
53.345Pulheim
28%
56.414Stolberg
28%
50.652Willich
25%

Verteilung der Resultate

Perzentil nach korrekt beantworteten Fragen

Anzahl Personen mit jedem Resultat

Ihre Resultats-Entwicklung

Sie haben dieses Quiz seit der letzten Aktualisierung nicht gespielt